| 000 | 00532nam a2200193Ia 4500 | ||
|---|---|---|---|
| 003 | LDD | ||
| 008 | 181029s9999 xx 000 0 und d | ||
| 020 |
_a9789380252162 _c5000.00 |
||
| 040 | _cLDD | ||
| 100 | _aTalawar, M.S. | ||
| 245 | 0 |
_aHandbook of UGC curriculum _cM.S. Talawar |
|
| 260 |
_aNew Delhi _bCentrum Press _c2010 |
||
| 300 | _a2v. | ||
| 365 | _b5000.00 | ||
| 901 |
_a5591 _b28-01-2010 |
||
| 902 |
_a566 _b01-02-2010 _cF _dBSPD _e2 |
||
| 903 |
_aDiscount-15 _bReqst by : R.Sevukan |
||
| 942 |
_2ddc _cBK |
||
| 999 |
_c88982 _d88982 |
||